000 00649nam a22002297a 4500
003 UA-OsUOA
001 79487
007 ta
008 20111110b un ||||| |||| 00| 0 ukr d
100 _aКовінька О.
090 _a821.161.2
_bК56
942 _cBK
040 _aUA-OsUOA
_bukr
_cUA-OsUOA
_dUA-OsUOA
245 _aТвори в двох томах
_bГумористично-сатирична повість
_n1
300 _a464 с.
955 _a3
041 _aukr
080 _a821.161.2
260 _aК.
_bДніпро
_c1980
650 7 _a82 Література. Літературознавство
_2UDC
999 _c365781
_d365781